000
00214nam a22000977a 4500
041
_a
ENG
245
_a
Samudra Tatiy lavaniya mruda me Dhan ki kheti
260
_a
Delhi
_b
ICAR
_c
1986
650
_a
GAE
856
_u
GAE
999
_c
2633
_d
2633